[Event "HUN-chT U18"]
[Site "Budapest"]
[Date "2019.10.29"]
[Round "7.1"]
[White "Papp, Levente"]
[Black "Bohus, Adam"]
[Result "1/2-1/2"]
[WhiteElo "2317"]
[BlackElo "2229"]
[PlyCount "54"]
[EventDate "2019.10.26"]
[EventType "team-swiss"]
[EventRounds "7"]
[EventCountry "HUN"]
[SourceTitle "CBM 192 Extra"]
[Source "Chessbase"]
[SourceDate "2019.11.06"]
[SourceVersion "1"]
[SourceVersionDate "2019.11.06"]
[SourceQuality "1"]
[WhiteTeam "Miskolc Kisbocsok"]
[BlackTeam "Geniusz Tata"]
[WhiteTeamCountry "HUN"]
[BlackTeamCountry "HUN"]

1. b3 d5 2. Bb2 Nf6 3. Nf3 Bf5 4. e3 e6 5. Nh4 Bg4 6. Be2 Bxe2 7. Qxe2 Nbd7 8. d3 c5 9. Nd2 Qc7 10. c4 Bd6 11. cxd5 exd5 12. Nf5 0-0 13. Nxd6 Qxd6 14. 0-0 Rfe8 15. Rac1 Rac8 16. a4 Qa6 17. Rfd1 h6 18. Qf3 Qxd3 19. Nc4 Qxb3 20. Bxf6 Nxf6 21. Nd6 Qxa4 22. Ra1 Qc6 23. Nxe8 Rxe8 24. Rxa7 c4 25. Qe2 b5 26. Qb2 Qb6 27. Rda1 b4 1/2-1/2

[Event "HUN-ch U18"]
[Site "Balatonlelle"]
[Date "2019.06.25"]
[Round "6"]
[White "Monduk, Ferenc"]
[Black "Bohus, Adam"]
[Result "0-1"]
[WhiteElo "1717"]
[BlackElo "2196"]
[PlyCount "92"]
[EventDate "2019.06.21"]
[EventType "swiss"]
[EventRounds "9"]
[EventCountry "HUN"]
[SourceTitle "CBM 191 Extra"]
[Source "ChessBase"]
[SourceDate "2019.09.30"]
[SourceVersion "1"]
[SourceVersionDate "2019.09.30"]
[SourceQuality "1"]

1. d4 d5 2. c4 dxc4 3. Nf3 a6 4. a4 Nf6 5. e3 e6 6. Bxc4 c5 7. 0-0 Nc6 8. dxc5 Qc7 9. b3 Bxc5 10. Bb2 Be7 11. Nbd2 0-0 12. Rc1 Rd8 13. Qe2 h6 14. h3 Bd7 15. Bd3 Qb8 16. Nc4 b5 17. Nce5 Nb4 18. Nxd7 Rxd7 19. Bb1 bxa4 20. bxa4 Qd8 21. Bd4 Qa5 22. Ne5 Rdd8 23. Nc4 Qg5 24. Ne5 Rac8 25. Nd3 Rxc1 26. Nxc1 Qa5 27. Bc2 Rc8 28. Bb3 Nbd5 29. Nd3 Nc3 30. Qb2 Nxa4 31. Bxa4 Qxa4 32. Qb7 Re8 33. Ne5 Qb5 34. Qxb5 axb5 35. Rb1 b4 36. Nc6 Bd6 37. g3 Rc8 38. Na5 Ne4 39. Nb3 e5 40. Bb6 Rc2 41. Rd1 Be7 42. Rf1 f6 43. g4 Kf7 44. f4 Rc3 45. Na5 exf4 46. exf4 Rxh3 0-1

[Event "HUN-ch U18"]
[Site "Balatonlelle"]
[Date "2019.06.24"]
[Round "4"]
[White "Papp, Levente"]
[Black "Bohus, Adam"]
[Result "1-0"]
[WhiteElo "2350"]
[BlackElo "2196"]
[PlyCount "63"]
[EventDate "2019.06.21"]
[EventType "swiss"]
[EventRounds "9"]
[EventCountry "HUN"]
[SourceTitle "CBM 191 Extra"]
[Source "ChessBase"]
[SourceDate "2019.09.30"]
[SourceVersion "1"]
[SourceVersionDate "2019.09.30"]
[SourceQuality "1"]

1. b3 d5 2. Bb2 Bg4 3. Nf3 Nd7 4. e3 e5 5. h3 Bxf3 6. Qxf3 Ngf6 7. g4 h6 8. h4 e4 9. Qg2 Qe7 10. Be2 Qe6 11. d4 exd3 12. cxd3 Bb4+ 13. Nd2 0-0-0 14. g5 hxg5 15. hxg5 Rxh1+ 16. Qxh1 Ng4 17. Qh4 Bxd2+ 18. Kxd2 Nge5 19. Qh7 g6 20. Qh4 Qf5 21. Qf4 Qxf4 22. exf4 Nc6 23. Rh1 f6 24. gxf6 Rf8 25. Bg4 Kd8 26. Ba3 Nxf6 27. Bxf8 Nxg4 28. Rg1 Nxf2 29. Ke3 Nh3 30. Rg3 Ke8 31. Ba3 d4+ 32. Kf3 1-0

[Event "HUN-chT2 Breyer 1819"]
[Site "Hungary"]
[Date "2019.03.10"]
[Round "7.1"]
[White "Bohus, Adam"]
[Black "Berek, Geza"]
[Result "1/2-1/2"]
[WhiteElo "2266"]
[BlackElo "2220"]
[PlyCount "183"]
[EventDate "2018.10.28"]
[EventType "team-tourn"]
[EventRounds "9"]
[EventCountry "HUN"]
[SourceTitle "EXT 2021"]
[Source "ChessBase"]
[SourceDate "2020.10.23"]
[SourceVersion "1"]
[SourceVersionDate "2020.10.23"]
[SourceQuality "1"]
[WhiteTeam "Naszaly Geniusz Tata"]
[BlackTeam "Nyergesujfalu"]
[WhiteTeamCountry "HUN"]
[BlackTeamCountry "HUN"]

1. d4 g6 2. c4 Nf6 3. Nc3 Bg7 4. e4 d6 5. f3 0-0 6. Be3 Nc6 7. Qd2 a6 8. Nge2 Rb8 9. Rb1 Re8 10. b4 Bd7 11. a4 e6 12. g3 h5 13. Bg2 Qc8 14. 0-0 e5 15. d5 Ne7 16. Rfc1 Bh3 17. Bh1 Kh7 18. Nd1 Neg8 19. c5 Qd8 20. b5 axb5 21. Nf2 Bd7 22. cxd6 cxd6 23. axb5 b6 24. Qb4 Qe7 25. Rc6 Bxc6 26. bxc6 Bh6 27. Bxb6 Be3 28. Qa5 Bxb6 29. Rxb6 Qc7 30. Rb5 Qxa5 31. Rxa5 Rb1+ 32. Kg2 Reb8 33. Nc3 R1b2 34. Kg1 Ne8 35. Bg2 Kg7 36. Ra7 Kf8 37. Bh3 Ne7 38. Nfd1 R2b3 39. c7 R8b7 40. Rxb7 Rxb7 41. c8Q Nxc8 42. Bxc8 Rb4 43. Kf2 Ke7 44. Ke3 Nc7 45. h4 Rb3 46. Kd3 Rb4 47. f4 f6 48. Bh3 Nb5 49. Nxb5 Rxb5 50. Ne3 exf4 51. gxf4 Rb2 52. Bg2 Rf2 53. f5 g5 54. hxg5 fxg5 55. e5 dxe5 56. Be4 g4 57. Ng2 Ra2 58. Ke3 Kf6 59. Nh4 Ra3+ 60. Kf2 Kg5 61. Ng6 Ra6 62. Nxe5 Kf4 63. Nd3+ Kg5 64. Nc5 Rb6 65. Ne6+ Kf6 66. Nc5 Kg5 67. Ne6+ Kf6 68. Nc5 Kg5 69. Nd7 Rd6 70. Nc5 Kf4 71. Kg2 h4 72. Bd3 Rxd5 73. Ne6+ Ke5 74. Be2 Rd2 75. Kf1 Kxf5 76. Nc5 Kf4 77. Nd3+ Kg3 78. Nf2 Ra2 79. Ne4+ Kf4 80. Nf2 Ra1+ 81. Kg2 g3 82. Nh3+ Ke3 83. Bg4 Ra4 84. Bh5 Ra2+ 85. Kg1 Ra5 86. Bg4 Ra1+ 87. Kg2 Ra2+ 88. Kg1 Rh2 89. Bd7 Rd2 90. Bg4 Rd4 91. Bh5 Ra4 92. Kg2 1/2-1/2

[Event "HUN-chT U18"]
[Site "Zalakaros"]
[Date "2018.07.29"]
[Round "7.3"]
[White "Borhy, Marcell Boldizsar"]
[Black "Bohus, Adam"]
[Result "0-1"]
[WhiteElo "2234"]
[BlackElo "2246"]
[PlyCount "68"]
[EventDate "2018.07.26"]
[EventType "team-swiss"]
[EventRounds "7"]
[EventCountry "HUN"]
[SourceTitle "CBM 185 Extra"]
[Source "ChessBase"]
[SourceDate "2018.07.29"]
[SourceVersion "1"]
[SourceVersionDate "2018.07.29"]
[SourceQuality "1"]
[WhiteTeam "Haladas"]
[BlackTeam "Geniusz Tata"]
[WhiteTeamCountry "HUN"]
[BlackTeamCountry "HUN"]

1. d4 Nf6 2. c4 g6 3. Nf3 Bg7 4. g3 0-0 5. Bg2 d6 6. 0-0 Nc6 7. Nc3 Bg4 8. h3 Bxf3 9. Bxf3 Nd7 10. Bxc6 bxc6 11. Be3 e5 12. Qd2 Re8 13. Rad1 h5 14. dxe5 Nxe5 15. b3 h4 16. g4 Qd7 17. Bd4 Qe6 18. Qg5 Bf6 19. Qf4 Bg7 20. Qg5 Bf6 21. Qe3 Bg7 22. f4 Nd7 23. Qxe6 Rxe6 24. Bxg7 Kxg7 25. Rf3 Rae8 26. Kf2 Nc5 27. Rd4 f5 28. g5 a5 29. Rd1 Kf7 30. Rc1 R8e7 31. Rc2 Ke8 32. Rb2 Kd7 33. Ke1 Re3 34. Kf2 Rxc3 0-1

[Event "HUN-ch U18"]
[Site "Balatonlelle"]
[Date "2018.06.26"]
[Round "7"]
[White "Bohus, Adam"]
[Black "Palkovics, Balazs"]
[Result "1-0"]
[WhiteElo "2261"]
[BlackElo "1767"]
[PlyCount "63"]
[EventDate "2018.06.21"]
[EventType "swiss"]
[EventRounds "9"]
[EventCountry "HUN"]
[SourceTitle "EXT 2019"]
[Source "ChessBase"]
[SourceDate "2018.10.10"]
[SourceVersion "1"]
[SourceVersionDate "2018.10.10"]
[SourceQuality "1"]

1. d4 Nf6 2. c4 e5 3. dxe5 Ng4 4. Nf3 Nc6 5. Bg5 Be7 6. Bf4 Bb4+ 7. Nbd2 Qe7 8. e3 Ngxe5 9. Nxe5 Nxe5 10. Be2 0-0 11. 0-0 Bxd2 12. Qxd2 d6 13. Rfd1 Ng6 14. Bg3 Be6 15. Rac1 f5 16. Bf3 Rab8 17. b4 Ne5 18. Bd5 Bf7 19. h3 h6 20. Qc3 g5 21. f3 Bxd5 22. Rxd5 Ng6 23. c5 f4 24. exf4 Nxf4 25. Bxf4 Rxf4 26. cxd6 cxd6 27. Re1 Qd7 28. Qd3 Rf6 29. Rde5 Qc6 30. Re7 Qb6+ 31. Kh1 Kf8 32. Qh7 1-0

[Event "EU-ch U16 27th"]
[Site "Mamaia"]
[Date "2017.09.07"]
[Round "3"]
[White "Maerevoet, Sim"]
[Black "Bohus, Adam"]
[Result "1/2-1/2"]
[WhiteElo "2093"]
[BlackElo "2305"]
[PlyCount "93"]
[EventDate "2017.09.05"]
[EventType "swiss"]
[EventRounds "9"]
[EventCountry "ROU"]
[SourceTitle "EXT 2018"]
[Source "ChessBase"]
[SourceDate "2017.10.13"]
[SourceVersion "1"]
[SourceVersionDate "2017.10.13"]
[SourceQuality "1"]

1. d4 d5 2. Nf3 Nf6 3. c4 dxc4 4. Nc3 a6 5. e4 b5 6. e5 Nd5 7. a4 Nxc3 8. bxc3 Qd5 9. Be2 Bb7 10. 0-0 g6 11. Ne1 Qd7 12. Bf3 Nc6 13. Be3 Rb8 14. axb5 axb5 15. Bg4 e6 16. Nf3 Ne7 17. Nd2 Bg7 18. Bg5 0-0 19. Bf3 h6 20. Bxe7 Qxe7 21. Ra7 Bd5 22. Be4 Ra8 23. Rxa8 Rxa8 24. Qf3 Ra2 25. Bxd5 exd5 26. Nb1 Qe6 27. h4 Bf8 28. Rd1 Ra1 29. Nd2 Qa6 30. h5 Rxd1+ 31. Qxd1 b4 32. cxb4 Bxb4 33. Nf1 Bc3 34. hxg6 Qxg6 35. Qf3 Bxd4 36. Qxd5 Qd3 37. Qd8+ Kh7 38. Qf6 Qg6 39. Qf4 Bb2 40. Qxc4 Bxe5 41. g3 Kg7 42. Ne3 h5 43. Kh2 Qe6 44. Qh4 Kg6 45. Qe4+ f5 46. Qa8 Bd4 47. Kg2 1/2-1/2

[Event "Budapest Spring op"]
[Site "Budapest"]
[Date "2017.03.25"]
[Round "8"]
[White "Bohus, Adam"]
[Black "Borsos, Bogdan"]
[Result "1/2-1/2"]
[WhiteElo "2263"]
[BlackElo "2346"]
[PlyCount "85"]
[EventDate "2017.03.18"]
[EventType "swiss"]
[EventRounds "9"]
[EventCountry "HUN"]
[SourceTitle "CBM 177 Extra"]
[Source "ChessBase"]
[SourceDate "2017.04.27"]
[SourceVersion "1"]
[SourceVersionDate "2017.04.27"]
[SourceQuality "1"]

1. d4 d6 2. e4 Nf6 3. Nc3 e5 4. Nge2 Be7 5. g3 Bg4 6. Bg2 exd4 7. Qxd4 Nc6 8. Qe3 0-0 9. h3 Nb4 10. Qd2 Bd7 11. 0-0 Re8 12. g4 h6 13. Ng3 Bf8 14. b3 c6 15. Bb2 a5 16. a3 Na6 17. Rae1 Nc5 18. f4 Qb6 19. Kh1 Qc7 20. b4 axb4 21. axb4 Na6 22. Nd1 Qd8 23. g5 hxg5 24. fxg5 Nh7 25. h4 Be6 26. Nh5 d5 27. Qc3 d4 28. Qg3 Nxb4 29. Re2 Ra5 30. Ref2 Nxg5 31. hxg5 Qxg5 32. Qxg5 Rxg5 33. Nf4 Bc4 34. Re1 Bc5 35. Rd2 Rg4 36. Nh3 d3 37. cxd3 Nxd3 38. Re3 Nxb2 39. Rxb2 Bxe3 40. Nxe3 Rgxe4 41. Bxe4 Rxe4 42. Nxc4 Rxc4 43. Rxb7 1/2-1/2

[Event "Budapest Spring op"]
[Site "Budapest"]
[Date "2017.03.21"]
[Round "4"]
[White "Bohus, Adam"]
[Black "Nemeth, Miklos"]
[Result "1/2-1/2"]
[WhiteElo "2263"]
[BlackElo "2452"]
[PlyCount "88"]
[EventDate "2017.03.18"]
[EventType "swiss"]
[EventRounds "9"]
[EventCountry "HUN"]
[SourceTitle "CBM 177 Extra"]
[Source "ChessBase"]
[SourceDate "2017.04.27"]
[SourceVersion "1"]
[SourceVersionDate "2017.04.27"]
[SourceQuality "1"]

1. d4 Nf6 2. c4 e6 3. Nf3 b6 4. g3 Bb7 5. Bg2 g6 6. 0-0 Bg7 7. Nc3 0-0 8. Bg5 h6 9. Bxf6 Bxf6 10. e4 d6 11. Re1 Nd7 12. e5 Bg7 13. Qe2 a6 14. Rad1 Rb8 15. d5 Nxe5 16. Nxe5 Bxe5 17. dxe6 Bxg2 18. Kxg2 fxe6 19. f4 Bxc3 20. Qxe6+ Kg7 21. bxc3 Re8 22. Qg4 h5 23. Qh3 b5 24. f5 Qg5 25. Rf1 Re2+ 26. Kh1 Qe3 27. fxg6 Qe4+ 28. Kg1 Qe3+ 29. Kh1 Qe4+ 30. Kg1 Kxg6 31. Rd4 Qe3+ 32. Kh1 Rf2 33. Rf4 Rxf4 34. Rxf4 Qe1+ 35. Kg2 Qe2+ 36. Kg1 Qd1+ 37. Kg2 Qc2+ 38. Kg1 Re8 39. Rf1 Qe4 40. cxb5 axb5 41. Qd7 Qe3+ 42. Kh1 Qe4+ 43. Kg1 Qe3+ 44. Kh1 Qe4+ 1/2-1/2

[Event "HUN-chT2 Breyer 1617"]
[Site "Hungary"]
[Date "2016.12.11"]
[Round "4.1"]
[White "Bokros, Albert"]
[Black "Bohus, Adam"]
[Result "1-0"]
[WhiteElo "2495"]
[BlackElo "2264"]
[PlyCount "95"]
[EventDate "2016.10.30"]
[EventType "team-tourn"]
[EventRounds "9"]
[EventCountry "HUN"]
[SourceTitle "EXT 2021"]
[Source "ChessBase"]
[SourceDate "2020.10.23"]
[SourceVersion "1"]
[SourceVersionDate "2020.10.23"]
[SourceQuality "1"]
[WhiteTeam "Biatorbagy"]
[BlackTeam "Naszaly Geniusz Tata"]
[WhiteTeamCountry "HUN"]
[BlackTeamCountry "HUN"]

1. c4 e5 2. g3 Nc6 3. Bg2 g6 4. Nc3 Bg7 5. e3 d6 6. Nge2 h5 7. d4 h4 8. d5 Nce7 9. e4 h3 10. Bf3 f5 11. Bg5 Nf6 12. Qd2 0-0 13. 0-0 Rf7 14. Bh1 Nh7 15. Be3 Qf8 16. f4 fxe4 17. fxe5 Bxe5 18. Rxf7 Qxf7 19. Rf1 Nf5 20. g4 Qg7 21. gxf5 gxf5+ 22. Kf2 Nf6 23. Ke1 Bxh2 24. Nd4 Ng4 25. Nce2 Ne5 26. Nxf5 Bxf5 27. Rxf5 Nd3+ 28. Kd1 Nxb2+ 29. Kc2 Nxc4 30. Qd4 Qxd4 31. Bxd4 Be5 32. Rg5+ Kf7 33. Rh5 Re8 34. Rxh3 Bxd4 35. Nxd4 Nb6 36. Rh5 Kg6 37. Rh4 e3 38. Be4+ Kg5 39. Nf3+ Kf6 40. Rf4+ Ke7 41. Kd3 Kd7 42. Rf7+ Kc8 43. Nd4 Re5 44. Bf5+ Kd8 45. Ne6+ Ke8 46. Bg6 Rxd5+ 47. Kc3 Na4+ 48. Kb4 1-0

[Event "World ol U16"]
[Site "Poprad"]
[Date "2016.07.25"]
[Round "5.2"]
[White "Turar, Dastan"]
[Black "Bohus, Adam"]
[Result "0-1"]
[WhiteElo "2266"]
[BlackElo "2200"]
[PlyCount "56"]
[EventDate "2016.07.22"]
[EventType "team-swiss"]
[EventRounds "9"]
[EventCountry "SVK"]
[SourceTitle "EXT 2017"]
[Source "ChessBase"]
[SourceDate "2016.10.25"]
[SourceVersion "1"]
[SourceVersionDate "2016.10.25"]
[SourceQuality "1"]
[WhiteTeam "Kazakhstan"]
[BlackTeam "Hungary II"]
[WhiteTeamCountry "KAZ"]
[BlackTeamCountry "HUN"]

1. d4 d5 2. c4 dxc4 3. e4 e5 4. Nf3 exd4 5. Bxc4 Nc6 6. 0-0 Be6 7. Bxe6 fxe6 8. Qb3 Qd7 9. Qxb7 Rb8 10. Qa6 Nf6 11. Nbd2 Bd6 12. Re1 Ng4 13. Nc4 0-0 14. h3 Rxf3 15. hxg4 Rf7 16. Bd2 Rbf8 17. Rf1 Bf4 18. Rad1 e5 19. g5 d3 20. Qa3 Qd4 21. Bxf4 Rxf4 22. Qb3 Rxf2 23. Ne3+ Kh8 24. Rxf2 Qxe3 25. Rdf1 Nd4 26. Qxd3 Nf3+ 27. gxf3 Qxd3 28. Kg2 Qe3 0-1

[Event "World ol U16"]
[Site "Poprad"]
[Date "2016.07.23"]
[Round "2.2"]
[White "Bohus, Adam"]
[Black "Kozak, Adam"]
[Result "0-1"]
[WhiteElo "2200"]
[BlackElo "2364"]
[PlyCount "86"]
[EventDate "2016.07.22"]
[EventType "team-swiss"]
[EventRounds "9"]
[EventCountry "SVK"]
[SourceTitle "EXT 2017"]
[Source "ChessBase"]
[SourceDate "2016.10.25"]
[SourceVersion "1"]
[SourceVersionDate "2016.10.25"]
[SourceQuality "1"]
[WhiteTeam "Hungary II"]
[BlackTeam "Hungary"]
[WhiteTeamCountry "HUN"]
[BlackTeamCountry "HUN"]

1. d4 Nf6 2. c4 e6 3. Nf3 d5 4. Nc3 c6 5. e3 Nbd7 6. Qc2 Bd6 7. b3 0-0 8. Be2 b6 9. 0-0 Bb7 10. Bb2 Qe7 11. Rad1 Rad8 12. Rfe1 Rfe8 13. Bf1 e5 14. dxe5 Nxe5 15. Nxe5 Bxe5 16. h3 dxc4 17. Bxc4 c5 18. Rxd8 Rxd8 19. Rd1 Rxd1+ 20. Qxd1 Ne8 21. Qd2 Nd6 22. Bd5 Bc8 23. f4 Bf6 24. e4 Bd4+ 25. Kh2 h6 26. g3 Qd7 27. Qg2 Kf8 28. Nd1 Nb5 29. Bxd4 Nxd4 30. Ne3 Qd8 31. Nc4 b5 32. Ne5 Be6 33. Nd3 Bxd5 34. exd5 c4 35. bxc4 bxc4 36. Ne5 c3 37. d6 c2 38. Qb7 Nf3+ 39. Kg2 Nxe5 40. Qb2 Qxd6 41. fxe5 Qc6+ 42. Kh2 c1Q 43. Qb8+ Qc8 0-1

[Event "HUN-ch U16"]
[Site "Balatonlelle"]
[Date "2016.06.30"]
[Round "9"]
[White "Czupor, Attila"]
[Black "Bohus, Adam"]
[Result "1-0"]
[WhiteElo "2135"]
[BlackElo "2200"]
[PlyCount "119"]
[EventDate "2016.06.24"]
[EventType "swiss"]
[EventRounds "9"]
[EventCountry "HUN"]
[SourceTitle "CBM 173 Extra"]
[Source "ChessBase"]
[SourceDate "2016.08.29"]
[SourceVersion "1"]
[SourceVersionDate "2016.08.29"]
[SourceQuality "1"]

1. e4 e5 2. Nf3 Nc6 3. Bb5 a6 4. Ba4 Nf6 5. 0-0 b5 6. Bb3 Bb7 7. Re1 Bc5 8. c3 0-0 9. d4 Bb6 10. Bg5 h6 11. Bh4 d6 12. a4 Re8 13. axb5 axb5 14. Rxa8 Bxa8 15. d5 Na5 16. Na3 c6 17. Ba2 g5 18. Nxg5 hxg5 19. Bxg5 Kg7 20. Qf3 Rh8 21. b4 Nc4 22. Bxc4 bxc4 23. Nxc4 Ba7 24. Ra1 cxd5 25. Nd2 dxe4 26. Bxf6+ Qxf6 27. Qg3+ Qg6 28. Rxa7 Qxg3 29. hxg3 Rc8 30. c4 d5 31. cxd5 Bxd5 32. Ra5 Bb7 33. Rxe5 Kf6 34. Rc5 Rd8 35. Nc4 Rd1+ 36. Kh2 Rb1 37. Rb5 Ba8 38. Rb8 Bd5 39. Ne3 Be6 40. g4 Ke5 41. Kg3 Rb3 42. b5 Rb2 43. b6 Kd6 44. Rd8+ Ke5 45. Re8 Kf6 46. Rb8 Ke7 47. b7 Kd7 48. Ra8 Rxb7 49. Ra4 Ke7 50. Rxe4 Kf6 51. Kf4 Rb2 52. f3 Kg6 53. Re5 Kf6 54. g5+ Kg6 55. g4 Rb4+ 56. Kg3 Rb3 57. f4 Bd7 58. Kh4 Rb1 59. f5+ Kg7 60. Re7 1-0